00245 a2200121 4500001000700000020000600007040001100013100002000024240002700044245002200071300000700093440002300100184338 a  cMagnum aBorges, Anselma10aA força do amorlpor10aA força do amor a78 1aEdições Loyola